000 00625nam a2200277Ia 4500
005 20260324135837.0
008 008 260324s9999 xx 000 0 eng d
020 _a9780080573403
037 _aEBOOK
040 _aCRL
040 _beng
040 _cCRL
041 _2eng
041 _aeng
084 _qCRL
100 _aLeslie Stroebel
_91202136
245 0 _aView Camera Technique
260 _bTaylor and Francis
260 _c1999
365 _a
365 _b255
856 _uhttp://www.taylorfrancis.com/books/9780080573403
942 _cEBOOK
999 _c1803618
_d1803618